Bundesländer Westdeutschlands 1952 auf einer Karte - Statistiken

Allgemein
  • Dieses Quiz wurde 167 mal gespielt
  • Das Durchschnittsergebnis liegt bei 10 aus 12
Antworten auf der Karte
Die Antworten werden auf der Karte rot bzw. grün angezeigt, abhängig davon wie oft sie richtig erraten wurden.
 
Antwortstatistiken
Länder % Korrekt
Hamburg
99%
Bremen
97%
Baden
96%
Schleswig-Holstein
96%
Bayern
94%
Nordrhein-Westfalen
90%
Hessen
86%
Rheinland-Pfalz
86%
Niedersachsen
85%
West-Berlin
85%
Württemberg-Baden
69%
Württemberg-Hohenzollern
43%
Keine übereinstimmenden Quizze gefunden
Verteilung der Resultate
Anzahl Personen mit jedem Resultat
Perzentil nach korrekt beantworteten Fragen
Ihre Resultats-Entwicklung
Sie haben dieses Quiz noch nicht gespielt